[Event "FRA-chT2 East 0809"]
[Site "France"]
[Date "2008.10.19"]
[Round "1.3"]
[White "Berbatov, Kiprian"]
[Black "Kharmoudi, Slimane"]
[Result "1-0"]
[WhiteElo "2346"]
[BlackElo "2085"]
[PlyCount "57"]
[EventDate "2008.10.19"]
[EventType "team-tourn"]
[EventRounds "11"]
[EventCountry "FRA"]
[SourceTitle "EXT 2010"]
[Source "ChessBase"]
[SourceDate "2010.11.25"]
[SourceVersion "1"]
[SourceVersionDate "2010.11.25"]
[SourceQuality "1"]
[WhiteTeam "Montrevel en Bresse"]
[BlackTeam "Besancon TPG II"]
[WhiteTeamCountry "FRA"]
[BlackTeamCountry "FRA"]

1. e4 c5 2. Nf3 d6 3. d4 cxd4 4. Nxd4 Nf6 5. Nc3 g6 6. Be3 Bg7 7. f3 0-0 8. Qd2 Nc6 9. Bc4 Bd7 10. 0-0-0 Rc8 11. Bb3 Ne5 12. h4 h5 13. Bg5 Rc5 14. Rhe1 b5 15. f4 Neg4 16. e5 b4 17. Ne4 Nxe4 18. Rxe4 d5 19. Qxb4 Qa5 20. Qxa5 Rxa5 21. e6 Bxe6 22. Rxe6 fxe6 23. Nxe6 Rc8 24. Bxe7 Nf6 25. Bb4 Rb5 26. Bc3 Rb6 27. Nxg7 Kxg7 28. Bxd5 Kh7 29. Bf3 1-0

[Event "FRA-ch op-A"]
[Site "Pau"]
[Date "2008.08.13"]
[Round "2"]
[White "Kharmoudi, Slimane"]
[Black "Neri, Jean Baptiste"]
[Result "1-0"]
[WhiteElo "2087"]
[BlackElo "1928"]
[PlyCount "95"]
[EventDate "2008.08.11"]
[EventType "swiss"]
[EventRounds "9"]
[EventCountry "FRA"]
[SourceTitle "CBM 126 Extra"]
[Source "ChessBase"]
[SourceDate "2008.11.05"]
[SourceVersion "1"]
[SourceVersionDate "2008.11.05"]
[SourceQuality "1"]

1. e4 c5 2. Nf3 d6 3. d4 cxd4 4. Nxd4 Nf6 5. Nc3 a6 6. Be2 e5 7. Nb3 Be7 8. Be3 0-0 9. 0-0 b5 10. f4 Bb7 11. Bf3 Nbd7 12. Nd5 Bxd5 13. exd5 e4 14. Be2 Nb6 15. Bxb6 Qxb6+ 16. Kh1 Rac8 17. Rc1 a5 18. Nd4 b4 19. Nf5 Rfe8 20. Qd2 Bf8 21. Ne3 Be7 22. c3 bxc3 23. Rxc3 Rxc3 24. Qxc3 Qb7 25. Rd1 Rc8 26. Bc4 Bd8 27. b3 Bb6 28. h3 Qa7 29. Nf5 Qd7 30. g4 h5 31. Rd2 Ne8 32. Rg2 g6 33. Nh6+ Kh7 34. gxh5 Ng7 35. Nxf7 Nxh5 36. Ng5+ Kh6 37. Ne6 e3 38. Qd3 Qf7 39. Rg4 Qf5 40. Qxf5 gxf5 41. Rg2 a4 42. Bd3 e2 43. Bxe2 axb3 44. axb3 Rc3 45. Kh2 Be3 46. Bxh5 Kxh5 47. Ng7+ Kh6 48. Nxf5+ 1-0

[Event "Val Thorens op 33th"]
[Site "Val Thorens"]
[Date "2007.07.21"]
[Round "8"]
[White "Paci, Cedric"]
[Black "Kharmoudi, Slimane"]
[Result "1-0"]
[WhiteElo "2304"]
[BlackElo "2012"]
[PlyCount "81"]
[EventDate "2007.07.14"]
[EventType "swiss"]
[EventRounds "9"]
[EventCountry "FRA"]
[SourceTitle "EXT 2010"]
[Source "ChessBase"]
[SourceDate "2010.11.25"]
[SourceVersion "1"]
[SourceVersionDate "2010.11.25"]
[SourceQuality "1"]

1. Nf3 g6 2. c4 Bg7 3. d4 Nf6 4. g3 d6 5. Bg2 0-0 6. 0-0 Nbd7 7. Nc3 e5 8. e4 c6 9. Qc2 Qc7 10. h3 exd4 11. Nxd4 a5 12. Be3 Nc5 13. Rad1 Be6 14. b3 Rfe8 15. Rfe1 Rad8 16. f4 Bc8 17. Bf2 Nfd7 18. a3 Nf8 19. b4 axb4 20. axb4 Na6 21. Qb3 Be6 22. f5 Bxd4 23. Bxd4 gxf5 24. exf5 Bxf5 25. Ne4 Bxe4 26. Bxe4 d5 27. cxd5 cxd5 28. Bg2 Qc4 29. Qb2 Rxe1+ 30. Rxe1 Qxb4 31. Qf2 Ne6 32. Rxe6 fxe6 33. Qf6 Qe1+ 34. Kh2 Rd7 35. Qh8+ Kf7 36. Bf6 Qb4 37. Qg7+ Ke8 38. Qg8+ Qf8 39. Qxe6+ Re7 40. Qc8+ Kf7 41. Bxd5+ 1-0

[Event "Val Thorens op 33th"]
[Site "Val Thorens"]
[Date "2007.07.19"]
[Round "6"]
[White "Kharmoudi, Slimane"]
[Black "Giroyan, Gary"]
[Result "1-0"]
[WhiteElo "2012"]
[BlackElo "1950"]
[PlyCount "67"]
[EventDate "2007.07.14"]
[EventType "swiss"]
[EventRounds "9"]
[EventCountry "FRA"]
[SourceTitle "EXT 2010"]
[Source "ChessBase"]
[SourceDate "2010.11.25"]
[SourceVersion "1"]
[SourceVersionDate "2010.11.25"]
[SourceQuality "1"]

1. e4 c5 2. Nf3 d6 3. c3 Nf6 4. h3 e6 5. Bd3 Nc6 6. Bc2 Be7 7. 0-0 0-0 8. d3 b6 9. Re1 Bb7 10. Nbd2 Qc7 11. Nf1 Rfd8 12. Ng3 Rac8 13. Bf4 b5 14. Nh2 b4 15. Rc1 Qa5 16. Bb1 Ba6 17. Ng4 g6 18. Bg5 Nxg4 19. Qxg4 Ne5 20. Qh4 Bxg5 21. Qxg5 c4 22. f4 Qb6+ 23. d4 Nd3 24. Bxd3 cxd3 25. f5 bxc3 26. bxc3 Rxc3 27. Rxc3 Qxd4+ 28. Kh2 Qxc3 29. Qxd8+ Kg7 30. f6+ Kh6 31. Qf8+ Kg5 32. h4+ Kg4 33. Qh6 Qxf6 34. e5 1-0

[Event "FRA-ch U16"]
[Site "Aix les Bains"]
[Date "2006.??.??"]
[Round "2"]
[White "Saatdjian, Thomas"]
[Black "Kharmoudi, Slimane"]
[Result "1-0"]
[WhiteElo "2181"]
[BlackElo "1981"]
[PlyCount "129"]
[EventDate "2006.04.16"]
[EventType "swiss"]
[EventRounds "9"]
[EventCountry "FRA"]
[SourceTitle "EXT 2007"]
[Source "ChessBase"]
[SourceDate "2006.11.23"]
[SourceVersion "1"]
[SourceVersionDate "2006.11.23"]
[SourceQuality "1"]

1. Nf3 Nf6 2. c4 g6 3. Nc3 Bg7 4. e4 d6 5. d4 0-0 6. Be2 e5 7. 0-0 Nc6 8. d5 Ne7 9. Ne1 Nd7 10. f3 f5 11. g4 Nf6 12. Nd3 c5 13. a3 Kh8 14. b4 b6 15. Be3 Nfg8 16. Kg2 Bh6 17. Bf2 Bd7 18. Rb1 Bg7 19. Rh1 Nf6 20. Be3 Nfg8 21. a4 Nf6 22. a5 Qc8 23. h3 Ne8 24. axb6 axb6 25. bxc5 bxc5 26. Rb6 Rb8 27. Qb3 Rxb6 28. Qxb6 fxg4 29. hxg4 Qc7 30. Qxc7 Nxc7 31. Nxc5 Nexd5 32. cxd5 dxc5 33. Bxc5 Rc8 34. Bb4 Bf8 35. Bxf8 Rxf8 36. Rb1 Bc8 37. Ra1 Ne8 38. Ra7 Nd6 39. Nb5 Nb7 40. Na3 Nd6 41. Nc4 Nxc4 42. Bxc4 Re8 43. Bb5 Rd8 44. Re7 Kg8 45. Kg3 h6 46. Ra7 Kf8 47. Rh7 Kg8 48. Rxh6 Kg7 49. Rh1 Bd7 50. Bxd7 Rxd7 51. Rd1 g5 52. Rc1 Kf7 53. Rc6 Re7 54. Kf2 Re8 55. Ke3 Re7 56. Kd3 Re8 57. Re6 Ra8 58. Rxe5 Ra3+ 59. Kc4 Kf6 60. Rf5+ Ke7 61. Kd4 Ra4+ 62. Ke5 Ra3 63. Rxg5 Rxf3 64. Rg7+ Kd8 65. Ke6 1-0

[Event "FRA-ch U14"]
[Site "Calvi"]
[Date "2005.04.18"]
[Round "2"]
[White "Kharmoudi, Slimane"]
[Black "Castro, John"]
[Result "1/2-1/2"]
[WhiteElo "1929"]
[BlackElo "2060"]
[PlyCount "82"]
[EventDate "2005.04.??"]
[EventType "swiss"]
[EventRounds "9"]
[EventCountry "FRA"]
[SourceTitle "EXT 2006"]
[Source "ChessBase"]
[SourceDate "2005.11.24"]
[SourceVersion "1"]
[SourceVersionDate "2005.11.24"]
[SourceQuality "1"]

1. e4 e6 2. d4 d5 3. Nd2 Nf6 4. e5 Nfd7 5. Bd3 c5 6. c3 Nc6 7. Ne2 Be7 8. Nf3 0-0 9. 0-0 f6 10. Nf4 Ndxe5 11. dxe5 fxe5 12. Nxe5 Nxe5 13. Bc2 Qe8 14. Qe2 Bd6 15. Nd3 Ng6 16. Be3 b6 17. f3 Ba6 18. Qd2 Nf4 19. Bxf4 Bxf4 20. Nxf4 Bxf1 21. Rxf1 Qf7 22. Nh3 h6 23. Qd3 Qf5 24. Qxf5 exf5 25. Rd1 Rad8 26. Nf4 Rd6 27. Kf2 d4 28. cxd4 cxd4 29. Bb3+ Kh8 30. Nd5 Rfd8 31. Rxd4 b5 32. Rd1 a5 33. a3 g5 34. Ke2 f4 35. Nc3 Rxd1 36. Bxd1 b4 37. Ne4 bxa3 38. bxa3 Kg7 39. a4 Rb8 40. Bc2 Kf7 41. Kd2 Ke7 1/2-1/2

[Event "France-ch U14"]
[Site "Reims"]
[Date "2004.04.21"]
[Round "5"]
[White "Benassayag, Lucas"]
[Black "Kharmoudi, Slimane"]
[Result "1-0"]
[WhiteElo "2059"]
[BlackElo "1930"]
[PlyCount "83"]
[EventDate "2004.04.??"]
[EventType "swiss"]
[EventRounds "9"]
[EventCountry "FRA"]
[SourceTitle "EXT 2005"]
[Source "ChessBase"]
[SourceDate "2004.11.15"]
[SourceVersion "1"]
[SourceVersionDate "2004.11.15"]
[SourceQuality "1"]

1. e4 c5 2. Nf3 d6 3. d4 cxd4 4. Nxd4 Nf6 5. Nc3 g6 6. Be3 Bg7 7. f3 0-0 8. Qd2 Nc6 9. 0-0-0 d5 10. exd5 Nxd5 11. Nxc6 bxc6 12. Bd4 e5 13. Bc5 Re8 14. Bc4 Be6 15. Ne4 f5 16. Ng5 Bh6 17. h4 Qf6 18. Kb1 Bxg5 19. hxg5 Qg7 20. Bb3 Rab8 21. Qf2 a5 22. a4 Nf4 23. Bxe6+ Nxe6 24. Bd6 Rb7 25. Qe3 Nf4 26. Qc3 c5 27. Rhe1 Ne6 28. Bxe5 Qf7 29. f4 Rb4 30. Rd6 Rb7 31. Ra6 Ra7 32. Rxa5 Rxa5 33. Qxa5 Qd7 34. b3 Rc8 35. Qb5 Qd2 36. Qe2 Qd5 37. Rd1 Qb7 38. Qc4 Qf7 39. Rd6 Re8 40. Qb5 Kf8 41. Rd7 Re7 42. Bd6 1-0

[Event "FRA-ch U12"]
[Site "Le Grand Bornand"]
[Date "2003.??.??"]
[Round "3.4"]
[White "Kharmoudi, Slimane"]
[Black "Feller, Sebastien"]
[Result "1/2-1/2"]
[WhiteElo "1800"]
[BlackElo "1974"]
[PlyCount "68"]
[EventDate "2003.??.??"]
[EventType "swiss"]
[EventRounds "9"]
[EventCountry "FRA"]
[SourceTitle "EXT 2004"]
[Source "ChessBase"]
[SourceDate "2003.11.25"]
[SourceVersion "1"]
[SourceVersionDate "2003.11.25"]
[SourceQuality "1"]

1. e4 e6 2. d4 d5 3. Nd2 Nf6 4. e5 Nfd7 5. Bd3 c5 6. c3 Nc6 7. Ne2 Qb6 8. Nf3 cxd4 9. cxd4 f6 10. exf6 Nxf6 11. 0-0 Bd6 12. Bf4 Bxf4 13. Nxf4 0-0 14. Re1 Ne4 15. Nh5 e5 16. Bxe4 dxe4 17. Ng5 Nxd4 18. Nxe4 Qg6 19. Nhg3 Bg4 20. f3 Bxf3 21. gxf3 Nxf3+ 22. Kh1 Nxe1 23. Qxe1 Rf4 24. Rd1 h5 25. Nd6 Rd8 26. Qxe5 Rf2 27. Qd5+ Kh8 28. Qxh5+ Qxh5 29. Nxh5 Rxb2 30. Ng3 Rxa2 31. Nge4 Ra4 32. Rb1 b6 33. Nf7+ Kh7 34. Nxd8 Rxe4 1/2-1/2

[Event "FRA-ch U12"]
[Site "Le Grand Bornand"]
[Date "2003.??.??"]
[Round "4.4"]
[White "Saatdjian, Thomas"]
[Black "Kharmoudi, Slimane"]
[Result "1/2-1/2"]
[WhiteElo "2051"]
[BlackElo "1800"]
[PlyCount "53"]
[EventDate "2003.??.??"]
[EventType "swiss"]
[EventRounds "9"]
[EventCountry "FRA"]
[SourceTitle "EXT 2004"]
[Source "ChessBase"]
[SourceDate "2003.11.25"]
[SourceVersion "1"]
[SourceVersionDate "2003.11.25"]
[SourceQuality "1"]

1. d4 Nf6 2. c4 c5 3. d5 b5 4. cxb5 a6 5. bxa6 Bxa6 6. g3 g6 7. Nc3 Bg7 8. Bg2 d6 9. Nf3 0-0 10. 0-0 Nbd7 11. Qc2 Ra7 12. Rd1 Qa8 13. e4 Rb8 14. Rb1 Ng4 15. b3 Rab7 16. Bb2 c4 17. Ba1 cxb3 18. Rxb3 Rxb3 19. axb3 Nc5 20. h3 Nh6 21. Nd2 Bd3 22. Qa2 Qxa2 23. Nxa2 Bc2 24. Bxg7 Kxg7 25. Rc1 Bxb3 26. Nxb3 Nxb3 27. Rc2 1/2-1/2